| 000 | 00660nam a22002177a 4500 | ||
|---|---|---|---|
| 003 | URS | ||
| 005 | 20220114171926.0 | ||
| 008 | 180412b xxu||||| |||| 00| 0 eng d | ||
| 020 | _a9812657754 | ||
| 050 | 1 | 4 |
_aHG 4016 _bM938 2006 |
| 100 | 1 |
_aMoyer, Charles, _d2006- _eauthor |
|
| 245 |
_aContemporary financial management fundamentals : _cCharles R. Moyer. |
||
| 250 | _aAsian Edition | ||
| 260 | 1 |
_aSingapore: _bThomson Learning Asia, _c©2006 |
|
| 300 |
_axxii, 586 pages : _billustration _c24 cm |
||
| 336 |
_2rda content _atext |
||
| 336 |
_2rdacontent _astill image |
||
| 337 |
_2rdamedia _aunmediated |
||
| 338 |
_2rdacarrier _avolume |
||
| 942 |
_2lcc _cFR |
||
| 999 |
_c15183 _d15183 |
||